000 00751nam a22001937a 4500
008 170718b xxu||||| |||| 00| 0 eng d
020 _a978-0-7817-9846-4
082 _22008
_aDC 616.07 22
_bC81
100 _921313
_aCorwin, Elizabeth J.
245 _aHandbook of pathophysiology /
_cElizabeth J. Corwin
250 _aThird Edition
260 _aPhiladelphia :
_bWolters Kluwer Health/Lippincott Williams & Wilkins,
_cc2008
300 _axviii, 750 pages, 16 pages of plates :
_billustrations (some col.) ;
_c22 cm
500 _aIncludes bibliographical references and index.
650 0 _921314
_aPhysiology, Pathological -- Handbooks, manuals, etc
650 0 _921315
_aPathology
650 0 _921316
_aPhysiological Phenomena
942 _2ddc
_cDC
999 _c7045
_d7045